|
|
|
|
| LEADER |
00000nab a2200000 a 4500 |
| 001 |
vtls000598530 |
| 003 |
SK-MaSNL |
| 005 |
20260304085941.0 |
| 008 |
250425c1996 xo 0 slo |
| 015 |
|
|
|a SNBRB19rr/mm-uuuuu
|
| 035 |
|
|
|a CL0598669
|
| 035 |
|
|
|a urn:nbn:sk:snk-abfmy
|
| 035 |
|
|
|a (urnnbn)urn:nbn:sk:snk:ar-a04ynk
|
| 035 |
|
|
|a (uuid)287ca26c-e5b0-480c-abc5-cfbc7b280fbc
|
| 040 |
|
|
|a SNKBUCL
|b slo
|c SNKBUCL
|e AACR2
|
| 041 |
0 |
|
|a slo
|
| 044 |
|
|
|a xo
|c SK
|
| 080 |
|
|
|a 523.45:520.6.07
|2 1981
|
| 080 |
|
|
|a 520.6.07
|2 1981
|
| 245 |
0 |
0 |
|a Jedenásť obletov sondy Galileo okolo Jupitera
|
| 300 |
|
|
|b Obr. 3
|
| 650 |
0 |
7 |
|a Galileo (sonda kozmická)
|2 snkbucl
|9 1380207
|
| 651 |
|
7 |
|a Jupiter (planéta)
|2 snkbucl
|9 207346
|
| 655 |
|
7 |
|a články z novín a časopisov
|2 snkbucl
|9 267496
|
| 773 |
0 |
|
|t Kozmos
|g Roč. 27, č. 5 (1996), s. 8
|x 0323-049X
|
| 850 |
|
|
|a Slovenská národná knižnica
|
| 852 |
|
|
|a Slovenská národná knižnica
|
| 954 |
|
|
|a odborná, vedecká literatúra pôvodná (slovenská)
|2 lita
|
| 958 |
|
|
|a article27
|
| 958 |
|
|
|a RK
|
| 958 |
|
|
|a OND
|
| 958 |
|
|
|a EUIPO
|
| 992 |
|
|
|a RBX
|
| 999 |
|
|
|c 2809783
|d 2811713
|